00416nam a2200121Ia 4500001000400000008004100004082002000045100006500065245009600130260002500226901002800251999001500279789241024s9999 xx 000 0 und d aRD/374/R426ma/2 aRepública Dominicana.Secretaría de Estado de Educación 0aManual de Lecto Escritura del Método abcd español. Jornada Nacional de Alfabetización bEd. Centenarioc1999 a2/12/2010 12:07:29 p.m. c8439d8439